• 首页
  • 本馆介绍
  • 公告通知
  • 最新文献
  • 馆藏检索
  • 电子资源
  • 读者导购
  • 参考咨询
  • 我的图书馆
  • 登录
  • 详细信息显示
  • 放入我的书架
  • 预约/预借图书
  • 作者相关作品
  • 分类相关作品
  • 丛书相关作品
  • 出版社相关作品

书目信息

  • 表格格式
  • 工作单格式
  • 卡片格式
题名:
严复评传
    
 
作者: 欧阳哲生 著
分册:  
出版信息: 南昌   百花洲文艺出版社  2015.3
页数: 245页
开本: 23cm
丛书名: 国学大师丛书
单 册:
中图分类: B256.5
科图分类:
主题词:
电子资源:
ISBN: 978-7-5500-1110-6
000 00870nam0 22002651 450
001 350055
005 20161008155503.45
010    @a978-7-5500-1110-6@dCNY28.00
100    @a20151125d2015 em y0chiy0110 ea
101 0  @achi@deng
102    @aCN@b360000
105    @ay z 000yb
106    @ar
200 1  @a严复评传@AYan Fu Ping Chuan@f欧阳哲生著
205    @a2版
210    @a南昌@c百花洲文艺出版社@d2015.3
215    @a245页@d23cm
225 2  @a国学大师丛书@AGuo Xue Da Shi Cong Shu
330    @a本书记述了严复一生的心路历程与学术活动,着重对他早年求学经历、维新文化观、西学评述、老庄评语及其中西文化观等问题作了他的晚年思想。
461  0 @12001@@a国学大师丛书
600  0 @a严复@AYan Fu@f(1853-1921)@x评传
690    @aB256.5@v5
701  0 @a欧阳哲生@AOu Yang Zhe Sheng@f(1962-)@4著
801  0 @aCN@bTANGWEI@20160802
905    @b0888100-4@dB256.5@e65=2@f5
    
    严复评传/欧阳哲生著.-2版.-南昌:百花洲文艺出版社,2015.3
    245页;23cm.-(国学大师丛书)
    
    
    ISBN 978-7-5500-1110-6:CNY28.00
    本书记述了严复一生的心路历程与学术活动,着重对他早年求学经历、维新文化观、西学评述、老庄评语及其中西文化观等问题作了他的晚年思想。
●
相关链接 在E读中查询图书 在五车中查询图书 在当当中查询图书 在豆瓣中查询图书


正题名:严复评传     索取号:B256.5/65=2         预约/预借

序号 登录号 条形码 馆藏地/架位号 状态 备注
1 0888100   208881003   第一样本阅览室/ [索取号:B256.5/65=2] 在馆    
2 0888101   208881012   第一借阅区/ [索取号:B256.5/65=2] 在馆    
3 0888102   208881021   第一借阅区/ [索取号:B256.5/65=2] 在馆    
4 0888103   208881030   第一借阅区/ [索取号:B256.5/65=2] 在馆    
5 0888104   208881049   第一借阅区/ [索取号:B256.5/65=2] 在馆    
唐山师范学院图书馆 欢迎您!
大连网信软件有限公司© 版权所有